Xác định mục tiêu, chương trình đào tạo cử nhân luật ở Việt Nam /

Shranjeno v:
Bibliografske podrobnosti
Glavni avtor: Nguyễn Văn Luyện, PTS.
Format: Bài viết
Jezik:Vietnamese
Teme:
Oznake: Označite
Brez oznak, prvi označite!
Thư viện lưu trữ: Thư viện Trường Đại học Đà Lạt
LEADER 00834nam a2200265 4500
001 DLU090068334
005 ##20090508
040 # # |a DLU  |b vie 
041 # # |a vie 
044 # # |a vn 
100 # # |a Nguyễn Văn Luyện,  |c PTS. 
245 # # |a Xác định mục tiêu, chương trình đào tạo cử nhân luật ở Việt Nam /  |c Nguyễn Văn Luyện. 
653 # # |a Chương trình đào tạo 
653 # # |a Giáo dục Đại học 
653 # # |a Trường ĐH Luật TP.HCM 
773 # # |t Nhà nước và pháp luật  |g Số 3(107), 1997, tr. 40-44 
920 # # |a Phòng Tạp chí -- Trung tâm Thông tin - Thư viện Trường Đại học Đà Lạt 
994 # # |a DLU 
900 # # |a True 
911 # # |a Trịnh Ngọc Pháp 
925 # # |a G 
926 # # |a A 
927 # # |a BB 
980 # # |a Thư viện Trường Đại học Đà Lạt